|
|
|
|
| LEADER |
01117nab#a2200361#ar4500 |
| 001 |
000124615 |
| 003 |
SVKKK |
| 005 |
20181205100657.0 |
| 008 |
131126d1915 xo |||||||||||||||b|hun |
| FMT |
|
|
|
| 038 |
|
|
|a SVKKK
|
| 040 |
|
|
|a SVKKK
|b slo
|e AACR2
|
| 041 |
0 |
|
|a hun
|
| 044 |
|
|
|a xo
|c SK
|
| 080 |
|
|
|a 581.149
|2 2011
|
| 080 |
|
|
|a 323.3
|2 2011
|
| 242 |
1 |
0 |
|a Úmrtie
|
| 245 |
1 |
0 |
|a Halálozás
|
| 520 |
3 |
|
|a V Spišskej Novej Vsi zomrel dlhoročný vážený člen poslaneckého zboru mesta Vincent (Vincze) Riczinger, ktorý svoju profesiu sitárskeho majstra napriek vysokému veku praktizoval do konca života.
|
| 545 |
|
|
|a Különfélék
|
| 600 |
1 |
4 |
|a Riczinger, Vincent,
|d ?-1915
|x sitársky majster
|x mestský poslanec
|y 1915
|z Spišská Nová Ves (Slovensko)
|
| 648 |
0 |
4 |
|a 1915
|
| 650 |
0 |
4 |
|a úmrtia
|
| 650 |
0 |
4 |
|a remeselníci
|
| 651 |
|
4 |
|a Spišská Nová Ves (Slovensko)
|
| 655 |
|
4 |
|a hungariká
|
| 773 |
0 |
|
|t Szepesi Lapok : Politikai És Tátrai Ujság
|g Roč. XXXI, č. 57 (21.5.1915), s. 4
|
| 958 |
|
|
|a HU
|
| 974 |
|
|
|a vsz
|
| 992 |
|
|
|a RBX
|
| BAS |
|
|
|
| 852 |
|
|
|a SVKKK
|b BIB
|
| 998 |
|
|
|a RETRO
|